000 01066nam a2200241Ia 4500
001 832-GOE jo fa (8462)
003 IT-MiSPE
008 171229s9999||||xx |||||||||||||| ||und||
040 _aIT-MiSPE
_cIT-MiSPE
041 _aITALIANO
100 _aJohann Wolfgang Goethe
245 0 _aIl Faust
_bII.
250 _a1a ed. (v)
260 _aFirenze
_bSansoni
_c1949
300 _a311 p. [2 v.]
_c16 cm
490 _v
501 _aEdizioni San Paolo srl - Piazza Soncino, 5 - 20092 CINISELLO BALSAMO (MI) (non commercial uses only) ® Copyright 2018
520 _aGuido Manacorda (versione d'arte con testo critico di Weimar a fronte, intr., com.) . Ed. bilingue
700 _aGuido Manacorda
942 _cBK
957 _71
999 _a17548
_bNO
_g Copie: 1
_c353055
_d353055